Principles of Services Marketing / (Record no. 13461)
[ view plain ]
| 000 -LEADER | |
|---|---|
| fixed length control field | 02469pam a2200361 a 4500 |
| 001 - CONTROL NUMBER | |
| control field | 2067303 |
| 005 - DATE AND TIME OF LATEST TRANSACTION | |
| control field | 20060126105423.0 |
| 008 - FIXED-LENGTH DATA ELEMENTS--GENERAL INFORMATION | |
| fixed length control field | 940128s1994 enka b 001 0 eng |
| 010 ## - LIBRARY OF CONGRESS CONTROL NUMBER | |
| LC control number | 94004289 |
| 020 ## - INTERNATIONAL STANDARD BOOK NUMBER | |
| International Standard Book Number | 9780077116279 |
| 040 ## - CATALOGING SOURCE | |
| Original cataloging agency | DLC |
| Transcribing agency | DLC |
| Modifying agency | DLC |
| 050 00 - LIBRARY OF CONGRESS CALL NUMBER | |
| Classification number | HF5415.13 |
| Item number | .P3242 1994 |
| 082 00 - DEWEY DECIMAL CLASSIFICATION NUMBER | |
| Classification number | 658.8 |
| Edition number | 22 |
| Item number | PAL |
| 100 1# - MAIN ENTRY--PERSONAL NAME | |
| Personal name | Palmer, Adrian. |
| 9 (RLIN) | 11684 |
| 245 10 - TITLE STATEMENT | |
| Title | Principles of Services Marketing / |
| Statement of responsibility, etc | Adrian Palmer. |
| 250 ## - EDITION STATEMENT | |
| Edition statement | 5th ed. |
| 260 ## - PUBLICATION, DISTRIBUTION, ETC. (IMPRINT) | |
| Place of publication, distribution, etc | London ; |
| -- | New York : |
| Name of publisher, distributor, etc | McGraw-Hill, 2008 |
| Date of publication, distribution, etc | c.2008. |
| 300 ## - PHYSICAL DESCRIPTION | |
| Extent | xvi, 606 p. : |
| Other physical details | ill. ; |
| Dimensions | 24 cm. |
| 500 ## - GENERAL NOTE | |
| General note | Includes Index. |
| 504 ## - BIBLIOGRAPHY, ETC. NOTE | |
| Bibliography, etc | Includes bibliographical references (p. [331]-340) and index. |
| 650 #0 - SUBJECT ADDED ENTRY--TOPICAL TERM | |
| Topical term or geographic name as entry element | Marketing |
| General subdivision | Management. |
| 9 (RLIN) | 11685 |
| 650 #0 - SUBJECT ADDED ENTRY--TOPICAL TERM | |
| Topical term or geographic name as entry element | Service industries |
| General subdivision | Marketing. |
| 9 (RLIN) | 11686 |
| 942 ## - ADDED ENTRY ELEMENTS (KOHA) | |
| Source of classification or shelving scheme | Dewey Decimal Classification |
| Item type | NB - Book (Non borrowing) |
| Withdrawn status | Item status | Source of classification or shelving scheme | Damaged status | Not for loan | Vendor | Home library | Current library | Shelving location | Date acquired | Source of acquisition | Total Checkouts | Full call number | Barcode | Date last seen | Date last borrowed | Koha item type | Total Renewals |
|---|---|---|---|---|---|---|---|---|---|---|---|---|---|---|---|---|---|
| Dewey Decimal Classification | Baccah | Central Library | Central Library | First floor | 22/02/2010 | 12 | 658.8 PAL | 000019916 | 15/07/2025 | 18/05/2010 | NB - Book (Non borrowing) | ||||||
| Dewey Decimal Classification | Baccah | Central Library | Central Library | First floor | 02/03/2010 | 8 | 658.8 PAL | 000020081 | 15/07/2025 | 21/03/2017 | Book - Borrowing | 27 | |||||
| Dewey Decimal Classification | Baccah | Central Library | Central Library | First floor | 15/03/2010 | 5 | 658.8 PAL | 000020235 | 15/07/2025 | 21/04/2011 | Book - Borrowing | 2 | |||||
| Dewey Decimal Classification | Baccah | Central Library | Central Library | First floor | 15/03/2010 | 6 | 658.8 PAL | 000020234 | 15/07/2025 | 20/10/2015 | Book - Borrowing | 16 | |||||
| Dewey Decimal Classification | Baccah | Central Library | Central Library | First floor | 15/03/2010 | 3 | 658.8 PAL | 000020233 | 15/07/2025 | 06/07/2010 | Book - Borrowing | 8 | |||||
| Dewey Decimal Classification | Baccah | Central Library | Central Library | First floor | 15/03/2010 | 5 | 658.8 PAL | 000020232 | 15/07/2025 | 07/03/2017 | Book - Borrowing | 7 | |||||
| Dewey Decimal Classification | Baccah | Central Library | Central Library | First floor | 15/03/2010 | 5 | 658.8 PAL | 000020231 | 15/07/2025 | 21/04/2011 | Book - Borrowing | 7 | |||||
| Dewey Decimal Classification | Baccah | Central Library | Central Library | First floor | 15/03/2010 | 5 | 658.8 PAL | 000020230 | 15/07/2025 | 14/04/2011 | Book - Borrowing | 20 |